000 01044nac a22003137a 4500
001 BR0003174
003 BR-BrBNA
005 20240105122434.0
008 230509b bl.|||m| |||| 00| 0 por d
040 _aBR-BrBNA
_bpor
_cBiblioteca Nacional de Agricultura
072 _aF08; L01
090 _a5212 BR0003174
100 1 _aBroch, D.L.
100 1 _aPitol, C.
100 1 _aBorges, E.P.
110 1 _aFundacao MS para Pesquisa e Difusao de Tecnologias Apropriadas, Maracaju, MS (Brasil)
_94994
245 1 _aIntegracao agricultura-pecuaria: plantio direto da soja sobre pastagem na integracao agropecuaria
260 3 _aMaracaju, MS (Brasil):
_c1997.
300 _a24 p.
490 _aInformativo Tecnico - Fundacao MS para Pesquisa e Difusao de Tecnologias Agropecuarias (Brazil)
_vno. 1
_x
500 _a12 ref.; 14 illus.
650 _aSoja
650 _aAgricultura
650 _aPecuaria
650 _aPlantio Direto
650 _aPastagem
909 _a202312
_bLúcia Elande
_c55
_dLúcia Elande
942 _2AGRIS
_n0
_cMS
999 _c291034
_d291034